000 00928nam a2200277 a 4500
001 53456
003 BD-RjUL
005 20211209075950.0
008 161015s1998 nyu b 001 0 eng
020 _a0415919622 (hardcover)
020 _a0415919630 (pbk.)
035 _a(BD-RjUL)53576
040 _aDLC
_cDLC
_dBD-RjU
_beng
041 _aeng
082 0 0 _a616.89008900973
_223
_bREA 1998
245 0 0 _aReadings in ethnic psychology /
_cedited by Pamela Balls Organista, Kevin M. Chun, Gerardo Marín.
260 _aNew York :
_bRoutledge,
_c1998.
300 _axii, 417 p. ;
_c26 cm.
504 _aIncludes bibliographical references and indexes.
650 0 _aMinorities
_xMental health
_zUnited States.
_9159795
650 0 _aMinorities
_zUnited States
_xPsychology.
_9159796
700 1 _aOrganista, Pamela Balls.
_9159797
700 1 _aChun, Kevin M.
_9159798
700 1 _aMarín, Gerardo.
_9159799
942 _2ddc
_cBK
999 _c53456
_d53456